Indian folk arts and crafts / (Record no. 54366)
[ view plain ]
| 000 -LEADER | |
|---|---|
| fixed length control field | 00948nam a22002297a 4500 |
| 005 - DATE AND TIME OF LATEST TRANSACTION | |
| control field | 2011072608268.0 |
| 010 ## - LCCN (DPL NO) | |
| LC control number | 441244 |
| 020 ## - INTERNATIONAL STANDARD BOOK NUMBER | |
| International Standard Book Number | 8123722060 |
| Terms of availability | 55.00 |
| 035 ## - SYSTEM CONTROL NUMBER | |
| System control number | 441244 |
| 037 ## - SOURCE OF ACQUISITION | |
| Source of stock number/acquisition | National Book Trust |
| 082 ## - DEWEY DECIMAL CLASSIFICATION NUMBER | |
| Classification number | 745.0954 |
| 100 ## - MAIN ENTRY--PERSONAL NAME | |
| Personal name | Dhamija, Jasleen |
| 245 ## - TITLE STATEMENT | |
| Title | Indian folk arts and crafts / |
| Statement of responsibility, etc | by Jasleen Dhamija |
| 260 ## - PUBLICATION, DISTRIBUTION, ETC. (IMPRINT) | |
| Place of publication, distribution, etc | New Delhi |
| Name of publisher, distributor, etc | National Book Trust |
| Date of publication, distribution, etc | 1992 |
| 270 ## - ADDRESS | |
| Address | Nehru Bhawan, 5 Institutional Area, Phase-II, Vasant Kunj |
| City | New Delhi |
| Postal code | 110070 |
| 300 ## - PHYSICAL DESCRIPTION | |
| Extent | 101p |
| Dimensions | 26cm(pbk) |
| 490 ## - SERIES STATEMENT | |
| Series statement | India-the land and the people |
| -- | 30582 |
| 700 ## - ADDED ENTRY--PERSONAL NAME | |
| 9 (RLIN) | 5645 |
| 942 ## - ADDED ENTRY ELEMENTS (KOHA) | |
| Source of classification or shelving scheme | Dewey Decimal Classification |
| Item type | English Books |
| Call number suffix | DHA |
| Classification part | 745.0954 |
| Withdrawn status | Lost status | Not for loan | Collection code | Home library | Current library | Date acquired | Source of acquisition | Cost, normal purchase price | Full call number | Barcode | Copy number | Cost, replacement price | Koha item type |
|---|---|---|---|---|---|---|---|---|---|---|---|---|---|
| Non-fiction | Central Library | Central Library | 01/08/2011 | Allied Publishers/CR/0000056/20.4.11/85/24.3.11/10.6.11 | 55.00 | 745.0954 DHA | B-441244 | 1 | 55.00 | English Books |
